00301nam a2200097Ia 4500008004000000082002000040100002100060245004900081260006100130300001200191210210b1997 xxu||||| |||| 00| 0 eng d a305.895487 SOUT aSOUTH KANARITES. aSouth kanarites: in the united arb emirates. aMangalorebDivyajyothi Publishing & Communicationsc1997 a105,B31